000 00846nam a2200205 a 4500
001 000047802
005 20201002060738.0
008 180810s20uu dr 000 0 spa d
040 _aDO-SdBNP
_bspa
_cBNPHU
082 _axx
_bxx
110 2 _aRepública Dominicana.
_bDespacho de la Primera Dama
_91327
245 1 0 _aPrograma Comunidades Inteligentes :
_bProyecto por una Cultura Mejor : Taller Educando para la Paz /
_cFrancisco García Betancourt ; cordinador Gil Germán.
246 1 3 _aTaller Educando para la Paz
260 _aSanto Domingo, República Dominicana :
_bComunidades Inteligentes,
_c[200-?].
300 _a36 p. :
_bil., retrs. ;
_c23 cm.
500 _apor un futuro mejor para nuestros hijos e hijas
590 _aInventariado, 2019/VM
700 1 _aGarcía Betancourt, Francisco
_975386
700 1 _aGermán, Gil
_tcord.
_975387
999 _c47290
_d47290